| 000 | | | 04337cbc2a2200241#x 450 |
| 001 | | | 0ec431d2-8960-4dd7-99b6-1667a3e30da5 |
| 005 | | | 20190507151614.0 |
| 100 | ## | $a | 20181229l19771977k y0rusy50 ca |
| 101 | 0# | $a | rus |
| 102 | ## | $a | RU |
| 105 | ## | $a | y z ||||| |
| 200 | 1# | $a | Обобщенные предложения и замечания к проекту Конституции СССР, представляемые Президиумом Верховного Совета Киргизской ССР |
| | $j | 1977 |
| 215 | ## | $a | 60 листов |
| 251 | ## | $c | Дело |
| 300 | ## | $a | Машинописный текст |
| 330 | ## | $a | Входит в раздел описи: II. Предложения и замечания к проекту Конституции СССР, поступившие в Конституционную комиссию |
| 461 | #0 | $1 | 001d61833fe-7036-4123-ba24-5c83654b2cf0 |
| | $1 | 2001 |
| | $a | Верховный Совет СССР |
| | $1 | 251 |
| | $c | Фонд |
| | $1 | 852 |
| | $g | Р |
| | $j | 7523 |
| 462 | #0 | $1 | 0015171c745-26a6-4d29-ab83-35ca1e5573e1 |
| | $1 | 2001 |
| | $a | Материалы по разработке Конституции (основного закона) СССР |
| | $v | Д. 144 |
| | $1 | 251 |
| | $c | Опись |
| | $1 | 852 |
| | $j | 131 |
| 801 | #0 | $a | RU |
| | $b | GA_RF |
| 801 | #1 | $a | RU |
| | $b | ГлавНИВЦ |
| | $c | 20181229 |
| | $2 | rusmarc |
| 801 | #2 | $a | RU |
| | $b | ПБ им. Б.Н. Ельцина |
| | $c | 20190302 |
| | $2 | rusmarc |
| 852 | ## | $a | ГА РФ |
| | $j | 144 |
| 937 | ## | $d | 126555678 |
| | $h | ПБ |
| 035 | ## | $a | RuPRLIB51054815 |
| 856 | ## | $u | http://readingroom.main.prlib.ru/item.aspx?id_node=n126555678&mode=full |
| 604 | ## | $1 | 50010 |
| | $2 | prlib_sh |
| | $3 | LIBNET\UAF\0000032832 |
| | $a | Конституция |
| | $j | Документы и материалы |
| | $n | 1977 |
| | $x | Проект |
| | $1 | 71001 |
| | $a | СССР |
| 605 | ## | $2 | acquisition_Prlib |
| | $3 | DITM\AF\0000002775 |
| | $a | Власть |
| | $l | коллекция |
| 605 | ## | $a | Россия – Киргизия: из истории взаимоотношений |
| | $l | коллекция |
| | $2 | acquisition_Prlib |
| | $3 | LIBNET\UAF\0000083038 |
| 686 | ## | $2 | rubbk |
| | $a | 63.3(2Кир)633-3ю1 |
| | $v | LBC/M |